MARC

LEADER 00000nas a2200000 a 4500
001 ssj0009709
003 WaSeSS
005 20200512172242.0
006 m d
007 cr n
008 990617c19819999ne sx pss 0 0eng c
010 |a  2007233674 
016 7 |a 2004077-5  |2 DE-600 
016 7 |a 012432280  |2 Uk 
022 |a 1573-7217  |l 0167-6806  |y 0167-6806 
035 |a (WaSeSS)ssj0009709 
040 |a F#A  |b eng  |c F#A  |d OCLCQ  |d MUQ  |d OCLCQ  |d FQM  |d OCLCQ  |d GUA  |d OCLCQ  |d OCLCF  |d OCLCO  |d OCLCQ  |d OCLCO  |d OCLCQ  |d Z5A  |d OCLCO  |d OCLCA  |d APUMS  |d OCLCO  |d U3W  |d OCLCO  |d AU@  |d OCLCO  |d WYU  |d OCLCO  |d UKMGB  |d OCLCA  |d VT2  |d OCLCO  |d NJT  |d OCLCO  |d OCLCA  |d WaSeSS 
042 |a pcc 
050 1 4 |a RC280.B8 
060 4 |a INTERNET 
082 0 4 |a 616.99449 
130 0 |a Breast cancer research and treatment (Online) 
245 1 0 |a Breast cancer research and treatment  |h [electronic resource]. 
260 |a [Dordrecht] :  |b Kluwer Academic Publishers 
310 |a Eighteen issues yearly 
362 1 |a Print began with vol. 1, no. 1, published in 1981. 
500 |a Published: Springer, <2007-> 
506 |a License restrictions may limit access. 
515 |a Some issues combined. 
525 |a Supplements accompany some issues. 
538 |a Mode of access: World Wide Web. 
588 |a Description based on: Vol. 42, no. 1 (Jan. 1997); title from journal information screen (viewed June 7, 1999). 
588 |a Latest issue consulted: Vol. 105, no. 1 (Sept. 2007), SpringerLink, viewed Aug. 24, 2007. 
650 0 |a Breast  |x Cancer  |v Periodicals. 
650 0 |a Breast  |x Cancer  |x Treatment  |v Periodicals. 
650 0 |a Breast  |x Cancer  |x Research  |v Periodicals. 
650 6 |a Sein  |x Cancer  |v Périodiques. 
650 6 |a Sein  |x Cancer  |x Traitement  |v Périodiques. 
650 6 |a Sein  |x Cancer  |x Recherche  |v Périodiques. 
650 7 |a Breast  |x Cancer.  |2 fast  |0 (OCoLC)fst00838260 
650 7 |a Breast  |x Cancer  |x Research.  |2 fast  |0 (OCoLC)fst00838307 
650 7 |a Breast  |x Cancer  |x Treatment.  |2 fast  |0 (OCoLC)fst00838313 
650 2 |a Medical Oncology. 
650 2 |a Breast Neoplasms. 
650 2 |a Breast. 
655 0 |a Electronic journals. 
776 0 8 |i Print version:  |t Breast cancer research and treatment  |x 0167-6806  |w (DLC)sn 82002391  |w (OCoLC)7902538 
856 4 0 |z Full text available from Research Library: 01/01/1997 to 1 year ago  |u https://search.proquest.com/publication/36266